000 00593 a2200181 4500
020 _a9810240252
040 _aDLC
_bDLC
082 _a004
_a519.76
082 _a004
082 _a519.76
100 1 _aSteeb, Willi-Hans
245 0 4 _aThe nonlinear workbook : chaos, fractals, cellular automata, neural networks, genetic algorithms, fuzzy logic with Java C++, Java SymbolicC++ and reduce programs
_cWilli-Hans Steeb
260 _aSingapore :
_bWorld Scientific,
_c2001
300 _axv, 585 s.
650 4 _aComputer science
650 4 _aNonlinear programming
942 _cBK
_k006.3 STE
_2ddc
999 _c6775
_d6775